-
Nellis, Joseph G and Parbar, David
Entry Personal Name
Number of records used in: 2
001 - CONTROL NUMBER
003 - CONTROL NUMBER IDENTIFIER
005 - DATE AND TIME OF LATEST TRANSACTION
- control field:
20160624121014.0
008 - FIXED-LENGTH DATA ELEMENTS
- fixed length control field:
160624|| aca||aabn | a|a d
040 ## - CATALOGING SOURCE
- Original cataloging agency:
OSt
- Transcribing agency:
OSt
100 ## - HEADING--PERSONAL NAME
- Personal name:
Nellis, Joseph G and Parbar, David
670 ## - SOURCE DATA FOUND
- Source citation:
Work cat.: (OSt): Nellis, Joseph G and Parbar, David, The Essence of Business Economics, 2004